000 01084nam a2200253u 4500
001 morisaid00haza
003 CaSfIA
005 20210118190637.0
007 cr||||
008 821209s1956 xx 000 0 eng
035 _9(DLC) 56007618
856 4 1 _uhttp://www.archive.org/details/morisaid00haza
_zFree eBook from the Internet Archive
856 4 2 _uhttp://www.openlibrary.org/books/OL24450169M
_zAdditional information and access via Open Library
010 _a 56007618
040 _aDLC
_cCarP
_dDLC
_dCaSfIA
050 0 0 _aPZ3.H338
_bMo
100 1 _aHazaz, Haim,
_d1898- [from old catalog]
245 1 0 _aMori Sa'id,
_h[electronic resource]
260 _aNew York.
_bAbelard-Schuman
_c[1956]
300 _a340 p.
_c22 cm.
942 _cEB
506 _fНеобхідна авторизація на https://archive.org/ (створення облікового запису безкоштовно)
506 _fНеобхідна авторизація на https://openlibrary.org/ (створення облікового запису безкоштовно)
999 _c527006
_d527006